| 000 -LEADER |
| fixed length control field |
00797cas a2200277 4500 |
| 022 0# - INTERNATIONAL STANDARD SERIAL NUMBER |
| ISSN |
0031-949X |
| 040 ## - CATALOGING SOURCE |
| Transcribing agency |
MUL |
| 082 04 - DEWEY DECIMAL CLASSIFICATION NUMBER |
| Classification number |
632 AME 1993 A112 Or.V.83 |
| 245 00 - TITLE STATEMENT |
| Title |
Phytopathology. |
| 260 ## - PUBLICATION, DISTRIBUTION, ETC. (IMPRINT) |
| Place of publication |
[St. Paul, Minn., etc.], |
| Name of publisher |
[American Phytopathological Society] |
| 300 ## - PHYSICAL DESCRIPTION |
| Number of Pages |
volumes |
| Other physical details |
illustrations |
| Dimensions |
24-28 cm |
| 500 ## - GENERAL NOTE |
| General note |
List of members of the society accompany v. 22, no. 9; v. 25, no. 5. |
| 650 #0 - SUBJECT ADDED ENTRY--TOPICAL TERM |
| Topical Term |
Plant diseases |
| 650 12 - SUBJECT ADDED ENTRY--TOPICAL TERM |
| Topical Term |
Botany. |
| 650 22 - SUBJECT ADDED ENTRY--TOPICAL TERM |
| Topical Term |
Plant Viruses. |
| 650 #6 - SUBJECT ADDED ENTRY--TOPICAL TERM |
| Topical Term |
Plantes |
| 650 #6 - SUBJECT ADDED ENTRY--TOPICAL TERM |
| Topical Term |
Botanique |
| 650 #6 - SUBJECT ADDED ENTRY--TOPICAL TERM |
| Topical Term |
Virus phytopathogènes |
| 650 #7 - SUBJECT ADDED ENTRY--TOPICAL TERM |
| Topical Term |
Mensuels. |
| 650 #7 - SUBJECT ADDED ENTRY--TOPICAL TERM |
| Topical Term |
Maladies des plantes. |
| 650 #7 - SUBJECT ADDED ENTRY--TOPICAL TERM |
| Topical Term |
Plant diseases. |
| 650 17 - SUBJECT ADDED ENTRY--TOPICAL TERM |
| Topical Term |
Plantenziekten. |
| 650 #4 - SUBJECT ADDED ENTRY--TOPICAL TERM |
| Topical Term |
Patología vegetal |
| 710 2# - ADDED ENTRY--CORPORATE NAME |
| Corporate name or jurisdiction name as entry element |
American Phytopathological Society. |
| 942 ## - ADDED ENTRY ELEMENTS (KOHA) |
| Koha item type |
សៀវភៅភាសាអង់គ្លេស |
| 952 ## - LOCATION AND ITEM INFORMATION (KOHA) |
| Withdrawn status [LOCAL, KOHA] |
0 |